Leveraging Visual Basic with ActiveX controls (Record no. 6308)
[ view plain ]
| 000 -LEADER | |
|---|---|
| fixed length control field | 00516 a2200157 4500 |
| 020 ## - INTERNATIONAL STANDARD BOOK NUMBER | |
| International Standard Book Number | 0761509011 |
| 040 ## - CATALOGING SOURCE | |
| Original cataloging agency | DLC |
| Language of cataloging | DLC |
| 082 00 - DEWEY DECIMAL CLASSIFICATION NUMBER | |
| Classification number | 005.712768 |
| 100 1# - MAIN ENTRY--PERSONAL NAME | |
| Personal name | Freeze, Wayne S. |
| 245 10 - TITLE STATEMENT | |
| Title | Leveraging Visual Basic with ActiveX controls |
| Statement of responsibility, etc. | Wayne S. Freeze. |
| 260 ## - PUBLICATION, DISTRIBUTION, ETC. | |
| Place of publication, distribution, etc. | Rocklin, Calif. : |
| Name of publisher, distributor, etc. | Prima Pub., |
| Date of publication, distribution, etc. | c1996. |
| 300 ## - PHYSICAL DESCRIPTION | |
| Extent | xxxvi, 593 p. : |
| Other physical details | ill. ; |
| Dimensions | 24 cm. + |
| Accompanying material | l computer laser optical disc (4 3/4 in.) |
| 500 ## - GENERAL NOTE | |
| General note | Includes index. |
| 650 #0 - SUBJECT ADDED ENTRY--TOPICAL TERM | |
| Topical term or geographic name entry element | BASIC (Computer program language) |
| 942 ## - ADDED ENTRY ELEMENTS (KOHA) | |
| Koha item type | Book |
| Call number prefix | 005.712768 FRE |
| Source of classification or shelving scheme | |
| Withdrawn status | Lost status | Damaged status | Not for loan | Collection code | Permanent Location | Current Location | Shelving location | Date acquired | Source of acquisition | Total Checkouts | Full call number | Barcode | Date last seen | Price effective from | Koha item type |
|---|---|---|---|---|---|---|---|---|---|---|---|---|---|---|---|
| Central Library (CL) | Central Library (CL) | General Stacks | 09/06/2001 | Donation | 005.712768 FRE | SEECS001304 | 11/14/2012 | 01/05/2017 | Book |
